000 01646nam0a22002771 4500
001 rc\4268410
005 20260407154432.0
021 _aRU
_b[57-19489]
035 _a(NLR Aleph) 008486998
090 _a8025990
_c8025990
100 _a20130416d1957 |||y0rusy50 ca
101 1 _arus
_cger
102 _aRU
105 _aa z |||||
200 1 _aБольше кукурузы - больше кормов
_eМатериалы Совещания работников науки и практики по выращиванию кукурузы в Герм. Демократич. Республике, состоявшегося в Лейпциге-Макклеберге 15-16 февр. 1957 г.
_eПер. с нем. яз. стенограммы докладов и выступлений
210 _aМосква
_cСельхозгиз
_d1957
215 _a132 с.
_cил.
_d21
300 _aНа обороте тит. л.: Mehr Futter durch Mais. Auswertung der fachwissenschaftlichen Beratung über den Maisanbau in Leipzig-Markkleeberg am 15. und 16. Februar 1957
517 0 _aMehr Futter durch Mais
606 _aКукуруза
_xВозделывание
_yГерманская Демократическая Республика
_2psbo
712 1 2 _aСовещание работников науки и практики по выращиванию кукурузы в Германской Демократической Республике
_eЛейпциг/Маркклеберг
_f1957
_9692145
_3RU\NLR\AUTH\8810095471
801 0 _aRU
_bNLR
_gpsbo
801 1 _aRU
_bELAR
_2rusmarc
852 _aNLR
_j57-3/1642
942 _cBOOK
980 _aNB